| 000 | 00817cam a2200253 4500 | ||
|---|---|---|---|
| 008 | 090401t1992 xxu||||| |||| 00| 0 eng d | ||
| 020 | _a1872328261 | ||
| 035 | _a(Sirsi) u1002 | ||
| 041 | _aeng | ||
| 050 | _a347.41067 | ||
| 100 | _aHall, Jean Graham | ||
| 245 | 0 | 4 | _aThe expert witness. |
| 260 |
_aChichester _bBarry Rose Law Publishers Ltd. _c1992 |
||
| 300 | _a95,xixp. ; 21cm. | ||
| 350 | _a22 | ||
| 520 | _aA practical introduction to the procedures and problems likely to be encountered by professionals acting as expert witnesses in civil and criminal proceedings or arbitration cases. The second author is a Chartered Surveyor. | ||
| 650 | _aEVIDENCE | ||
| 650 | _aEXPERT WITNESSES | ||
| 650 | _aTRIALS | ||
| 690 | _aLAW | ||
| 700 | _aSmith, Gordon D. | ||
| 942 | _n0 | ||
| 948 | _c04/03/1997 | ||
| 999 |
_c85609 _d85609 |
||